[Event "Ruhrgebiet VK2 0001"]
[Site "Ruhrgebiet"]
[Date "2000.10.15"]
[Round "2"]
[White "Geislinger, Ulrich"]
[Black "Laarmann, Gerd"]
[Result "0-1"]
[WhiteElo "1808"]
[BlackElo "1969"]
[PlyCount "63"]
[EventDate "2000.09.17"]
[EventType "team-tourn"]
[EventRounds "9"]
[EventCountry "GER"]
[SourceTitle "EXT 2023"]
[Source "ChessBase"]
[SourceDate "2022.10.05"]
[SourceVersion "1"]
[SourceVersionDate "2022.10.05"]
[SourceQuality "1"]
[WhiteTeam "Horst Emscher II"]
[BlackTeam "Steele/Kray Rochade"]
[WhiteTeamCountry "GER"]
[BlackTeamCountry "GER"]

1. c4 e6 2. e4 d5 3. Qe2 dxe4 4. Qxe4 Nf6 5. Qc2 Nc6 6. d3 Nd4 7. Qd1 e5 8. Nc3 Bc5 9. Be3 0-0 10. h3 Re8 11. Qd2 c6 12. 0-0-0 Qa5 13. Kb1 Bb4 14. Nge2 Nxe2 15. Bxe2 Bf5 16. g4 Be6 17. g5 Nd7 18. Qc1 Bf5 19. a3 Bxc3 20. Qxc3 Qxc3 21. bxc3 Nb6 22. Ka2 Na4 23. Kb3 b5 24. Bf3 e4 25. dxe4 Bxe4 26. Bxe4 Rxe4 27. cxb5 cxb5 28. Bxa7 Re2 29. Rb1 Rxa7 30. Rhd1 Kf8 31. Rd8+ Ke7 32. Rb8 0-1